El Mundo Poético de Miguel Hernández (II) /
Resumen: Compara "El rayo que no cesa" con sus versiones anteriores, "Imagen de tu huella" y "El silbo vulnerado" y comenta las variantes textuales que presentan esas versiones. También, analiza algunos rasgos estilísticos de la poesía de Miguel Hernández.
Guardado en:
| Autor principal: | |
|---|---|
| Formato: | Desconocido |
| Materias: | |
| Etiquetas: |
Agregar Etiqueta
Sin Etiquetas, Sea el primero en etiquetar este registro!
|
MARC
| LEADER | 000000000a22000000004500 | ||
|---|---|---|---|
| 001 | 005649 | ||
| 100 | 1 | |a Duverran, Carlos Rafael, |d 1935-1995 | |
| 245 | 1 | 3 | |a El Mundo Poético de Miguel Hernández (II) / |c Carlos Rafael Duverran. |
| 310 | |a Semestral | ||
| 520 | |a Resumen: Compara "El rayo que no cesa" con sus versiones anteriores, "Imagen de tu huella" y "El silbo vulnerado" y comenta las variantes textuales que presentan esas versiones. También, analiza algunos rasgos estilísticos de la poesía de Miguel Hernández. | ||
| 650 | 4 | |a HERNÁNDEZ, MIGUEL | |
| 650 | 4 | |a EL RAYO QUE NO CESA | |
| 650 | 4 | |a LITERATURA ESPAÑOLA | |
| 650 | 4 | |a POESÍA | |
| 773 | 0 | |d Heredia, Costa Rica : Editorial de la Universidad Nacional |t Letras |g número 10 (1980), páginas 11-89 | |
| 942 | |c ARC | ||
| 999 | |c 12404 |d 12404 | ||
